| 000 | 00791nmm a2200265 a 4500 | ||
|---|---|---|---|
| 001 | ocm0001682879 | ||
| 003 | TR-IsHL | ||
| 005 | 20201028170137.0 | ||
| 008 | 180104s2009 tu tur | ||
| 007 | cr cn | ||
| 020 | _a9786054160259 | ||
| 035 |
_a1682879 _b(N$T) |
||
| 050 | 0 | 4 |
_aPL248.E72 _bI8 2009 |
| 090 | 0 | 4 |
_aPL248.E72 _bI8 2009 |
| 100 | 1 | _aErbaş, Zati | |
| 245 | 1 | 0 |
_aİstavrit _h[electronic resource] / _cZati Erbaş |
| 260 |
_aAnkara : _bEflatun Yayınevi, _c2009 |
||
| 300 | _a90 p. | ||
| 650 | 4 | _aDil ve Edebiyat | |
| 650 | 4 | _aLanguage and Literature | |
| 650 | 0 | _aTürk şiiri | |
| 650 | 0 | _aTurkish poetry | |
| 650 | 7 |
_aPOETRY / Middle Eastern _2bisacsh |
|
| 856 | 4 | 0 | _uhttp://search.ebscohost.com/login.aspx?direct=true&scope=site&db=e011xww&AN=1682879 |
| 999 |
_c16118 _d16118 |
||